El sueño de África (Record no. 14678)

MARC details
000 -LEADER
campo de control de longitud fija 00740nam a2200229 i 4500
001 - NÚMERO DE CONTROL
campo de control 14678
003 - IDENTIFICADOR DE NÚMERO DE CONTROL
campo de control ES-MaACL
005 - FECHA Y HORA DE LA ÚLTIMA TRANSACCIÓN
campo de control 20260209164527.0
007 - CAMPO FIJO DE DESCRIPCIÓN FÍSICA--INFORMACIÓN GENERAL
campo de control de longitud fija t|
008 - DATOS DE LONGITUD FIJA--INFORMACIÓN GENERAL
campo de control de longitud fija 981103s1997 sp a |||| | spa j
020 ## - NÚMERO INTERNACIONAL ESTÁNDAR DEL LIBRO
Número Internacional Estándar del Libro 84-206-3427-1
080 ## - NÚMERO DE LA CLASIFICACIÓN DECIMAL UNIVERSAL
Número de la Clasificación Decimal Universal 916
100 1# - ENTRADA PRINCIPAL--NOMBRE DE PERSONA
Nombre de persona Reverte, Javier,
Fechas asociadas al nombre 1944-2020
9 (RLIN) 78353
245 13 - MENCIÓN DEL TÍTULO
Título El sueño de África
Resto del título : en busca de los mitos blancos del continente negro /
Mención de responsabilidad, etc. Javier Reverte.
260 ## - PUBLICACIÓN, DISTRIBUCIÓN, ETC.
Lugar de publicación, distribución, etc. Madrid :
Nombre del editor, distribuidor, etc. Alianza Editorial,
Fecha de publicación, distribución, etc. [1997]
300 ## - DESCRIPCIÓN FÍSICA
Extensión 534 p. :
Otras características físicas il. ;
Dimensiones 18 cm.
490 1# - MENCIÓN DE SERIE
Mención de serie El libro de bolsillo. Viajes ;
Designación de volumen o secuencia 5940
651 #4 - PUNTO DE ACCESO ADICIONAL DE MATERIA--NOMBRE GEOGRÁFICO
Nombre geográfico África-
Subdivisión general Descripción
9 (RLIN) 7593
830 0# - PUNTO DE ACCESO ADICIONAL DE SERIE-TÍTULO UNIFORME
Título uniforme El libro de bolsillo. Viajes ;
Designación de volumen o secuencia 5940
9 (RLIN) 225700
852 ## - LOCALIZACIÓN
Ubicación ES-MaACL
Número de control de estantería L-21878
Holdings
Estatus retirado Estado de pérdida Estado de daño No para préstamo Biblioteca de origen Biblioteca actual Ubicación en estantería Fecha de adquisición Fuente de adquisición Total de préstamos Signatura topográfica completa Código de barras Visto por última vez Precio de reemplazo Tipo de ítem Koha
        Biblioteca del Ateneo de Madrid Biblioteca del Ateneo de Madrid Depósito 2 17/01/2008     L-21878 1014926 23/02/2023 23/02/2023 Libro impreso